000 00449cam a2200157 4500500
005 20251012032639.0
041 _afre
042 _adc
100 1 0 _aRamón Jiménez, Juan
_eauthor
700 1 0 _a Sesé, Bernard
_eauthor
245 0 0 _aXCII
260 _c2009.
500 _a3
786 0 _nSigila | 23 | 1 | 2009-06-20 | p. 192-193 | 1286-1715
856 4 1 _uhttps://shs.cairn.info/revue-sigila-2009-1-page-192?lang=fr&redirect-ssocas=7080
999 _c1547924
_d1547924